Länder nach Bedrohten Vogelarten - Statistiken

Allgemein
  • Dieses Quiz wurde 64 mal gespielt
  • Das Durchschnittsergebnis liegt bei 13 aus 16
Antwortstatistiken
Spezies Land % Korrekt
96 China
97%
52 Australien
95%
93 Indien
95%
91 USA
95%
175 Brasilien
93%
71 Mexiko
89%
160 Indonesien
87%
119 Peru
85%
57 Russland
85%
126 Kolumbien
84%
69 Neuseeland
84%
54 Südafrika
74%
62 Thailand
74%
106 Ecuador
69%
63 Malaysien
57%
93 Philippinen
57%
Keine übereinstimmenden Quizze gefunden
Verteilung der Resultate
Anzahl Personen mit jedem Resultat
Perzentil nach korrekt beantworteten Fragen
Ihre Resultats-Entwicklung
Sie haben dieses Quiz noch nicht gespielt